Manual para Quick Basic 4.5: guía del programador

Wedi'i Gadw mewn:
Manylion Llyfryddiaeth
Prif Awdur: Ceballos Sierra, Francisco Javier (Awdur)
Fformat: Llyfr
Iaith:Sbaeneg
Cyhoeddwyd: Ciudad de México Macrobit: Ra-Ma 1990
Pynciau:
Tagiau: Ychwanegu Tag
Dim Tagiau, Byddwch y cyntaf i dagio'r cofnod hwn!

MARC

LEADER 00000nam a2200000 a 4500
001 UCV3685
003 CL-VaPUC
008 910117e19900000MX |||||||||||||||||spa|d
082 0 4 |a 001.6424  |b CEB  |2 21 
100 0 |a Ceballos Sierra, Francisco Javier  |e author  |9 297977 
245 1 0 |a Manual para Quick Basic 4.5: guía del programador 
300 |a 473 p 
942 |c BK 
945 |d 19910117 00:00:00 
260 |a Ciudad de México  |b Macrobit: Ra-Ma  |c 1990 
650 7 |a QUICKBASIC  |2 CL-VaPUC  |9 259528 
650 0 |a Lenguajes de programación   |9 259458 
650 7 |a COMPILADORES  |2 CL-VaPUC  |9 259529 
650 7 |a COMPUTADORES ELECTRONICOS  |2 CL-VaPUC  |9 259530 
650 0 |a Programación de computadores   |9 259531 
583 |a last modification  |c 20150106 02:10:29  |k Rodrigo Vera 
999 |c 210827  |d 210825 
952 |0 0  |1 0  |4 0  |6 001_642400000000000_CEB_1990  |7 0  |8 A  |9 187693  |a BIBALI  |b BIBALI  |c GEN  |d 2019-11-14  |i 2552701  |o 001.6424 CEB 1990  |p 2552701  |r 2025-01-20  |w 2019-11-14  |y BK  |k ALI